000 01103nam a22002417i 4500
050 1 4 _aJQ 1409.A15
_bAs88 1999
260 1 _c1999.
003 URS
005 20220117151152.0
008 180115b xxu||||| |||| 00| 0 eng d
100 1 _aAstorga, Glory A,
_eauthor
245 1 4 _aThe identified factors affecting the political participation of individuals as perceived by the selected professionals, college students, and common-tao of Barangay Sampaloc, Tanay, Rizal calendar year 1998 /
_cGlory A. Astorga.
300 _axvi, 55 leaves ;
_billustrations :
_c28 cm
336 _2rdacontent
_atext
337 _2rdamedia
_aunmediated
338 _2rdacarrier
_avolume
502 _aThesis
_bA.B. Political Science
_cUniversity of Rizal System
_d1999
504 _aIncludes bibliographical references.
520 _aThis study aims to know the perceptions and attitudes of the selected residents of Barangay Sampaloc, Tanay, Rizal on the factors affecting the political participation of individuals.
650 0 _aCivics, Philippines
700 1 _aJunio, Fe F.
_edegree supervisor
942 _2lcc
_cT
999 _c16999
_d16999